000 00283nam a2200121 a 4500
008 101025s1984|||| d
100 1 _aMacDonald, Ross
245 1 0 _aSudičky
260 _bSlovenký spisovateľ
_aBratislava
_c1984
020 _c21
041 _aslo
044 _axo
_cSK
999 _c12213
_d12213